Регионална библиотека "Любен Каравелов" - Русе

Да оцелееш като родител (по действителен случай) (Запис номер 193730)

MARC детайли
000 -Лидер
Контролно поле с фиксирана дължина 02272nam a2200301 a 4500
003 - Код на организацията, давaща контролен номер
Контролно поле BLK
005 - Дата и час на последна редакция
Контролно поле 20250212153143.0
008 - Елементи от данни с фиксирана дължина
fixed length control field 180411b bul|||||r ||||||| ||bul||
010 ## - Наследен системен номер
LC control number KNG00202952000
020 ## - Международен стандартен номер на книга ISBN
Международен стандартен номер на книга ISBN 978-954-28-2273-8
040 ## - Източник на каталожния запис
Идентификатор на билиотеката - собственик на записа BLK
041 ## - Код за език
Код за езика на текст/звукозапис или на отделно заглавие Български
Код за езика КДБФ Български
080 ## - УДК
Текстов определител УДК Българска литература
УДК код - определител по УДК 821.163.2
УДК определител -94
УДК - код + определител 821.163.2-94
100 1# - Редна дума - Автор
Автор Белобрадова, Елисавета Димитрова
R(LIN) 37839
139 ## - Редно поле
Редна дума Да оцелееш като родител (по действителен случай)
Авторски знак Да - Д 12
245 10 - Сведения за заглавието
Заглавие Да оцелееш като родител (по действителен случай)
Подзаглавни данни 41 ужасно смешни, вълнуващи и поучителни истории, от които ще разберете, че не е толкова страшно
Редно поле (дума) [Елисавета Белобрадова ... и др.] ; [състав. Елисавета Белобрадова, Красимира Хаджииванова]
257 ## - Страна на издаване
Страна на създаване/издаване България
260 ## - Област на издателските данни
Място на издаване, разпространение и проч. София
Име на издателя, разпространителя и проч. Сиела Норма
Година на издаване 2014
Печатница София : Алианс принт
300 ## - Физическа характеристика
Страници 320 с.
Илюстрации и др. с ил.
Размери/Мащаб 21 см
380 ## - Жанр
Жанр Худож. лит.
500 ## - Общи забележки
Забележка Сведения за авт. отговорност отбелязани на гърба на предзагл. с. - Други авт.: Красимира Хаджииванова, Детелина Стаменова, Бояна Петкова, Илона Нешкова, Фани Давидова, Христина Янева, Димитър Георгиев, Оля Антонова, Явор Костов, Валентина Христова, Ралица Татон, Вяра Савчева, Денчо Дончев, Александър Хаджииванов, Лилия Чернева-Краус, Дарина Рангелова, Елка Стоянова. - Името на Денчо Дончев погрешно отпеч. на гърба на предзагл. с. Дончо Дончев
700 ## - Други автори (авторска отговорност)
9 (RLIN) 402445
Лично име Хаджииванова, Красимира
Автороска отговорност (Описва отношението между автора и произведението) състав.
852 ## - Местоположение
Форматна сигнатура Цб 284577
856 4# - Електронен адрес и достъп
Електронен формат pdf - файл
Инструкция (цена за достъп) 0.00
Права за достъп disable
856 4# - Електронен адрес и достъп
Електронен формат pdf - файл
Инструкция (цена за достъп) 0.00
Права за достъп disable
999 ## - СИСТЕМНИ КОНТРОЛНИ НОМЕРА
Koha biblionumber 193730
Koha biblioitemnumber 193730
942 ## - АРТИКУЛИ
Вид на библиотечния материал Книги
Скрит в OPAC Не
Koha issues (borrowed), all copies 16
Периодичен библиозапис Да
944 ## - СЪЗДАВАНЕ И РЕДАКЦИЯ на ЗАПИСА
Създаване/Редакция Създаване
Дата на регистрацията/редакция 2017-03-23
Служител, извършил регистрацията/редакцията 30530
Статус, дата на статуса Минев Младен
Наличности
Код за отписване Код за изгубен артикул Източник на класификационната схема Код за повреда Коз за рестрикции Код за отдаване Артикулен № Име на библиотеката - собственик Име на библиотеката, в която се намира в момента Статус (Текущо местоположение) Дата на вписване в системата Местоположение - отдел Цена в лева Инвентарен номер Систематично азбучна сигнатура Баркод Номер на екземпляра Цена в евро Служебна бележка Служебен тип на артикула
  Не е изгубен Universal Decimal Classification Не е повреден без рестрикции заемане за дома 339130 Регионална библиотека "Любен Каравелов" Русе Регионална библиотека "Любен Каравелов" Русе Заемна - подръчен фонд 2017-03-14 Заемна - подръчен фонд 7.00 120000808832 П 886.7-94/Д 12 120000808832 1 3.58 Дост: Pk Вид: Ф N: 1608 Дата: 03.03.2017 Дата инв: 02.02.2018 Бележки инв: П2018 Книги
  Не е изгубен Universal Decimal Classification Не е повреден без рестрикции заемане за дома 339131 Регионална библиотека "Любен Каравелов" Русе Регионална библиотека "Любен Каравелов" Русе Заемна - подръчен фонд 2017-03-14 Заемна - подръчен фонд 7.00 120000808833 П 886.7-94/Д 12 120000808833 2 3.58 Дост: Pk Вид: Ф N: 1608 Дата: 03.03.2017 Дата инв: 02.02.2018 Бележки инв: П2018 Книги
  Не е изгубен Universal Decimal Classification Не е повреден само за читалня ползва се в читалня 721362 Регионална библиотека "Любен Каравелов" Русе Регионална библиотека "Любен Каравелов" Русе Хранилище 2019-06-11 Основен фонд - ползва се само за читалня 7.00 120000832259 Цб 295452 120000832259   3.58   Книги
Vip Innovations Ltd, Rousse, Bulgaria 2025